| 000 | 00668 a2200217 4500 | ||
|---|---|---|---|
| 003 | Nust | ||
| 005 | 20170207153443.0 | ||
| 010 | _a 78315163 | ||
| 020 | _a0198531648 | ||
| 020 | _a0198531656 (pbk.) | ||
| 040 | _cNust | ||
| 082 | 0 | 0 | _a510 |
| 100 | 1 | _aStewart, Ian, | |
| 245 | 1 | 4 |
_aThe foundations of mathematics / _cIan Stewart and David Tall. |
| 260 |
_aOxford ; _aNew York : _bOxford University Press, _c1977. |
||
| 300 |
_aix, 263 p. : _bill. ; _c23 cm. |
||
| 500 | _aIncludes index. | ||
| 650 | 0 | _aLogic, Symbolic and mathematical. | |
| 700 | 1 | _aTall, David Orme, | |
| 856 | 4 | 1 |
_3Table of contents only _uhttp://www.loc.gov/catdir/enhancements/fy0637/78315163-t.html |
| 942 |
_2ddc _cBK |
||
| 999 |
_c186569 _d186569 |
||